| 000 | 00624nam a2200205Ia 4500 | ||
|---|---|---|---|
| 003 | IN-BaIIA | ||
| 008 | 211028s9999 xx 000 0 eng d | ||
| 020 | _a0-521-22861-1 | ||
| 040 | _cIIA Library | ||
| 080 |
_a524.47(063) _bGLO |
||
| 100 |
_aHanes, D _911419 |
||
| 245 | 0 |
_aGlobular clusters _cD. Hanes and B. Madore |
|
| 260 |
_aCambridge _bCambridge University Press _c1980 |
||
| 300 | _a[various pagings.] | ||
| 650 | _aAstronomy and astrophysics thesaurus | ||
| 650 |
_aClusters _911176 |
||
| 650 |
_aGlobular clusters _911420 |
||
| 700 |
_aMadore, B. _911421 |
||
| 942 | _cBK | ||
| 999 |
_c6668 _d6668 |
||